Wordt geladen...

Burden of union loans on the states

Bibliografische gegevens
Hoofdauteur: Thimmaiah, G
Formaat: Printed Book
Taal:Undetermined
English
Gepubliceerd in: New Delhi Sterling Publishers Pvt Ltd 1977
Onderwerpen:
LEADER 00583nam a2200181Ia 4500
008 140306s9999 xx 000 0 und d
041 |a eng 
082 |a 332  |b THI/BU 
100 |a Thimmaiah, G 
245 |a Burden of union loans on the states 
260 |a New Delhi  |b Sterling Publishers Pvt Ltd  |c 1977 
300 |a 234 
365 |b Rs.77 
650 |a Banking 
650 |a Financial Economics 
942 |2 ddc  |c BK 
999 |c 119015  |d 119015 
952 |0 0  |1 0  |2 ddc  |4 0  |6 332_000000000000000_THIBU  |7 0  |9 118093  |a KAUHCV  |b KAUHCV  |d 2004-05-04  |g 77.00  |o 332 THI/BU  |p KAU_HCV-13250  |r 2014-03-22  |w 2014-03-22  |y BK